[Event "Prefeitura de São Paulo"]
[Site "Sao Paulo BRA"]
[Date "2006.11.11"]
[Round "1.1"]
[White "Felgaer, Ruben"]
[Black "Sunye, Jaime"]
[Result "1/2-1/2"]
[WhiteElo "2591"]
[BlackElo "2503"]
[PlyCount "90"]
[EventDate "2006.15.11"]
[EventType "tourn"]
[EventRounds "11"]
[EventCountry "BRA"]
[EventCategory "10"]
[Source "lmi"]
[SourceDate "2006.11.11"]

1. e4 c5 2. Nf3 e6 3. d4 cxd4 4. Nxd4 a6 5. Nc3 b5 6. Bd3 Bb7 7. O-O Nc6 8.
Nxc6 Bxc6 9. Qe2 Nf6 10. e5 Nd5 11. Nxd5 Bxd5 12. a4 Bc6 13. Rd1 bxa4 14. Be4
Qb6 15. Be3 Qb5 16. Bxc6 Qxc6 17. Rd4 a3 18. bxa3 Rc8 19. a4 d5 20. exd6 Bxd6
21. Rad1 Be5 22. Rd7 O-O 23. a5 Bc7 24. Bb6 Bxb6 25. axb6 Qxb6 26. h3 a5 27.
Qd3 g6 28. c4 a4 29. h4 Rc5 30. Ra1 Qb4 31. Rd4 Qb3 32. Qxb3 axb3 33. Rb1 Rb8
34. g3 h6 35. Rd3 Rxc4 36. Rdxb3 Rxb3 37. Rxb3 Kg7 38. Rb7 Kf6 39. Kg2 e5 40.
Ra7 Rc1 41. Rb7 Re1 42. Rd7 e4 43. Rb7 e3 44. fxe3 Rxe3 45. Ra7 Rb3 1/2-1/2

[Event "Prefeitura de São Paulo"]
[Site "Sao Paulo BRA"]
[Date "2006.11.11"]
[Round "1.2"]
[White "Leitao, Rafael"]
[Black "Vescovi, Giovanni"]
[Result "1/2-1/2"]
[WhiteElo "2601"]
[BlackElo "2592"]
[PlyCount "117"]
[EventDate "2006.15.11"]
[EventType "tourn"]
[EventRounds "11"]
[EventCountry "BRA"]
[EventCategory "10"]
[Source "lmi"]
[SourceDate "2006.11.11"]

1. d4 Nf6 2. c4 e6 3. Nf3 d5 4. Nc3 Bb4 5. Qa4+ Nc6 6. e3 O-O 7. Bd2 a6 8. Qc2
Bd6 9. c5 Be7 10. a3 e5 11. Nxe5 Nxe5 12. dxe5 Ng4 13. Bd3 g6 14. Ne2 Nxe5 15.
b4 Bd7 16. Bc3 Ba4 17. Qd2 Bf6 18. Nd4 c6 19. Be2 Qe7 20. O-O Bg7 21. Nf3 Rfe8
22. Nxe5 Bxe5 23. Rfe1 Rad8 24. Bd4 Qf6 25. Bf3 Re7 26. Rac1 Kg7 27. Bxe5 Qxe5
28. g3 Qf6 29. Kg2 Re6 30. Qd4 Qxd4 31. exd4 Rde8 32. Rxe6 Rxe6 33. Rc3 Re1 34.
Re3 Ra1 35. g4 Kf8 36. g5 Bd1 37. Kg3 Bxf3 38. Kxf3 Rh1 39. Kg3 Rd1 40. Kf4 Rd2
41. f3 Rxh2 42. Ke5 Ke7 43. Kf4+ Kd7 44. Ke5 Ke7 45. Kf4+ Kd7 46. Ke5 Rh4 47.
Kf6 Rf4+ 48. Kg7 Rxd4 49. Kxf7 Rf4+ 50. Kg7 Rf5 51. f4 Rxf4 52. Kxh7 Re4 53.
Rf3 Re6 54. Kg7 Ke7 55. Rf7+ Ke8 56. Rf6 Ke7 57. Rf7+ Ke8 58. Rf6 Ke7 59. Rf7+
1/2-1/2

[Event "Prefeitura de São Paulo"]
[Site "Sao Paulo BRA"]
[Date "2006.11.11"]
[Round "1.3"]
[White "Milos, Gilberto"]
[Black "El Debs, Felipe"]
[Result "1-0"]
[WhiteElo "2563"]
[BlackElo "2370"]
[PlyCount "99"]
[EventDate "2006.15.11"]
[EventType "tourn"]
[EventRounds "11"]
[EventCountry "BRA"]
[EventCategory "10"]
[Source "lmi"]
[SourceDate "2006.11.11"]

1. d4 d5 2. c4 c6 3. Nf3 Nf6 4. e3 e6 5. Bd3 Nbd7 6. O-O Bd6 7. Nc3 O-O 8. e4
dxe4 9. Nxe4 Nxe4 10. Bxe4 h6 11. Bd2 e5 12. Bc3 exd4 13. Qxd4 Nf6 14. Bc2 c5
15. Qd3 Be7 16. Qe3 Be6 17. Ne5 Qb6 18. Rfe1 Rfe8 19. Ba4 Red8 20. Ng6 fxg6 21.
Qxe6+ Qxe6 22. Rxe6 Kf7 23. Rae1 Ng8 24. Bd1 Bf6 25. Bxf6 gxf6 26. Bf3 Rd7 27.
Bd5 Kf8 28. R1e3 Re7 29. Kf1 Rd8 30. f4 Rxe6 31. Rxe6 Rd7 32. g4 Kg7 33. Re8
Ne7 34. Be6 Rc7 35. f5 gxf5 36. gxf5 Nc6 37. Kf2 Re7 38. Rg8+ Kh7 39. Rc8 Nd4
40. Rxc5 Nxe6 41. fxe6 Kg6 42. Kf3 a6 43. b4 Rxe6 44. Rc7 Rc6 45. Rxc6 bxc6 46.
a4 Kf7 47. b5 cxb5 48. cxb5 axb5 49. a5 b4 50. Ke2 1-0

[Event "Prefeitura de São Paulo"]
[Site "Sao Paulo BRA"]
[Date "2006.11.11"]
[Round "1.5"]
[White "Rodriguez, Andres"]
[Black "Diamant, Andre"]
[Result "1-0"]
[WhiteElo "2496"]
[BlackElo "2396"]
[PlyCount "77"]
[EventDate "2006.15.11"]
[EventType "tourn"]
[EventRounds "11"]
[EventCountry "BRA"]
[EventCategory "10"]
[Source "lmi"]
[SourceDate "2006.11.11"]

1. d4 Nf6 2. Bg5 c5 3. Bxf6 gxf6 4. d5 Qb6 5. Qc1 f5 6. c4 Bg7 7. Nc3 Qb4 8. e3
Bxc3+ 9. bxc3 Qb6 10. Bd3 Qf6 11. Ne2 d6 12. Qc2 e6 13. O-O Nd7 14. f4 Nb6 15.
e4 Bd7 16. Ng3 fxe4 17. Nxe4 Qe7 18. dxe6 fxe6 19. f5 exf5 20. Rae1 fxe4 21.
Rxe4 Be6 22. Qe2 O-O-O 23. Rxe6 Qg7 24. Re7 Qxc3 25. Qe6+ Rd7 26. Bf5 Qd4+ 27.
Kh1 Rhd8 28. Qf7 h6 29. h3 Kc7 30. Bxd7 Rxd7 31. Qe6 Kc6 32. Rxd7 Nxd7 33. Qe8
Kc7 34. Rf7 Qd1+ 35. Kh2 Qa4 36. Rh7 a6 37. h4 b6 38. h5 d5 39. Qe5+ 1-0

[Event "Prefeitura de São Paulo"]
[Site "Sao Paulo BRA"]
[Date "2006.11.11"]
[Round "1.6"]
[White "Di Berardino, Diego"]
[Black "Bachmann, Axel"]
[Result "0-1"]
[WhiteElo "2370"]
[BlackElo "2473"]
[PlyCount "78"]
[EventDate "2006.15.11"]
[EventType "tourn"]
[EventRounds "11"]
[EventCountry "BRA"]
[EventCategory "10"]
[Source "lmi"]
[SourceDate "2006.11.11"]

1. e4 c5 2. Nf3 e6 3. d4 cxd4 4. Nxd4 a6 5. Nc3 Qc7 6. Be2 Nc6 7. O-O Nf6 8.
Kh1 b5 9. Nxc6 dxc6 10. f4 Bb4 11. Bd2 c5 12. a3 Bxc3 13. Bxc3 Bb7 14. Qe1 Nxe4
15. Bxg7 Rg8 16. Be5 Qe7 17. Bf3 f5 18. Rd1 Bd5 19. Qe3 Rc8 20. b3 a5 21. Bh5+
Kf8 22. Qh3 Rd8 23. Be2 c4 24. bxc4 bxc4 25. Qh6+ Ke8 26. Bh5+ Kd7 27. Rxd5+
exd5 28. Qb6 Rc8 29. Rd1 Qc5 30. Qb7+ Rc7 31. Qxd5+ Qxd5 32. Rxd5+ Kc6 33. Bxc7
Kxc7 34. Rxf5 Rb8 35. g3 Rb2 36. Re5 Nf2+ 37. Kg2 Rxc2 38. Re2 Rxe2 39. Bxe2 c3
0-1

[Event "Prefeitura de São Paulo"]
[Site "Sao Paulo BRA"]
[Date "2006.11.12"]
[Round "2.1"]
[White "Sunye, Jaime"]
[Black "Bachmann, Axel"]
[Result "1/2-1/2"]
[WhiteElo "2503"]
[BlackElo "2473"]
[PlyCount "115"]
[EventDate "2006.15.11"]
[EventType "tourn"]
[EventRounds "11"]
[EventCountry "BRA"]
[EventCategory "10"]
[Source "lmi"]
[SourceDate "2006.11.11"]

1. c4 c5 2. Nf3 Nc6 3. Nc3 g6 4. e3 Nf6 5. d4 cxd4 6. exd4 d5 7. Bg5 Ne4 8.
cxd5 Nxc3 9. bxc3 Qxd5 10. Qb3 Be6 11. c4 Qe4+ 12. Be3 Bg7 13. Rd1 O-O 14. d5
Na5 15. Qb4 Qc2 16. Bd2 Qe4+ 17. Be2 b6 18. dxe6 Qxe6 19. Bc3 Bxc3+ 20. Qxc3
Rac8 21. Rd4 Rc7 22. Qe3 Qxe3 23. fxe3 Rfc8 24. Kf2 Nxc4 25. Bxc4 Rxc4 26. Rxc4
Rxc4 27. Rd1 Ra4 28. Rd2 f6 29. Nd4 Kf7 30. Nc6 a6 31. Kf3 e5 32. Rd7+ Ke6 33.
Rxh7 e4+ 34. Kg3 Rxa2 35. Nd4+ Kd5 36. h4 Ra3 37. Kf2 Ra2+ 38. Kg3 Ra3 39. Kf4
g5+ 40. hxg5 fxg5+ 41. Kxg5 Rxe3 42. Kf4 Re1 43. Rd7+ Kc5 44. Nc2 Rg1 45. Ne3
a5 46. g4 a4 47. Ra7 b5 48. Kxe4 Kb6 49. Ra8 Kb7 50. Ra5 Kb6 51. Ra8 Kb7 52.
Rd8 a3 53. Rd2 b4 54. Ra2 Kc6 55. Nc2 Rxg4+ 56. Kf3 Rc4 57. Nxb4+ Rxb4 58. Rxa3
1/2-1/2

[Event "Prefeitura de São Paulo"]
[Site "Sao Paulo BRA"]
[Date "2006.11.12"]
[Round "2.2"]
[White "Diamant, Andre"]
[Black "Di Berardino, Diego"]
[Result "1/2-1/2"]
[WhiteElo "2396"]
[BlackElo "2370"]
[PlyCount "39"]
[EventDate "2006.15.11"]
[EventType "tourn"]
[EventRounds "11"]
[EventCountry "BRA"]
[EventCategory "10"]
[Source "lmi"]
[SourceDate "2006.11.11"]

1. e4 c5 2. Nf3 e6 3. d4 cxd4 4. Nxd4 Nf6 5. Nc3 Nc6 6. Ndb5 Bb4 7. a3 Bxc3+ 8.
Nxc3 d5 9. exd5 exd5 10. Bd3 O-O 11. O-O d4 12. Ne4 Bf5 13. Bg5 Bxe4 14. Bxe4
Qd6 15. Bxf6 Qxf6 16. Qd3 g6 17. Bxc6 bxc6 18. Rad1 c5 19. Rfe1 Rfe8 20. g3
1/2-1/2

[Event "Prefeitura de São Paulo"]
[Site "Sao Paulo BRA"]
[Date "2006.11.12"]
[Round "2.3"]
[White "Lima, Darcy"]
[Black "Rodriguez, Andres"]
[Result "0-1"]
[WhiteElo "2466"]
[BlackElo "2496"]
[PlyCount "58"]
[EventDate "2006.15.11"]
[EventType "tourn"]
[EventRounds "11"]
[EventCountry "BRA"]
[EventCategory "10"]
[Source "lmi"]
[SourceDate "2006.11.11"]

1. d4 e6 2. c4 Bb4+ 3. Bd2 Qe7 4. Nf3 Nf6 5. g3 Nc6 6. Bg2 Bxd2+ 7. Nbxd2 d6 8.
O-O e5 9. d5 Nb8 10. e4 a5 11. Ne1 h5 12. Ndf3 Nxe4 13. Nxe5 Nxg3 14. Nxf7 Ne2+
15. Qxe2 Qxe2 16. Nxh8 Bf5 17. Nf3 Qxb2 18. Rae1+ Kf8 19. Nh4 Qf6 20. Nxf5 Qxf5
21. Re4 Qh7 22. Rf4+ Kg8 23. Nf7 Qg6 24. Nd8 Nd7 25. Ne6 Ne5 26. Kh1 Qh6 27.
Rd4 Re8 28. h3 Qf6 29. Rf4 Rxe6 0-1

[Event "Prefeitura de São Paulo"]
[Site "Sao Paulo BRA"]
[Date "2006.11.12"]
[Round "2.5"]
[White "Vescovi, Giovanni"]
[Black "Milos, Gilberto"]
[Result "1/2-1/2"]
[WhiteElo "2592"]
[BlackElo "2563"]
[PlyCount "45"]
[EventDate "2006.15.11"]
[EventType "tourn"]
[EventRounds "11"]
[EventCountry "BRA"]
[EventCategory "10"]
[Source "lmi"]
[SourceDate "2006.11.11"]

1. e4 e5 2. Nf3 Nf6 3. Nxe5 d6 4. Nf3 Nxe4 5. Nc3 Nxc3 6. dxc3 Be7 7. Be3 Nc6
8. Qd2 Be6 9. O-O-O a6 10. Ne1 Qd7 11. Nd3 O-O-O 12. Nf4 Bg5 13. b3 Rhe8 14.
Nxe6 Bxe3 15. Qxe3 Qxe6 16. Qd2 Qf6 17. g3 Re5 18. Bg2 Rde8 19. Bxc6 bxc6 20.
Rhe1 Rxe1 21. Rxe1 Rxe1+ 22. Qxe1 Qh6+ 23. Kb2 1/2-1/2

[Event "Prefeitura de São Paulo"]
[Site "Sao Paulo BRA"]
[Date "2006.11.12"]
[Round "3.1"]
[White "Leitao, Rafael"]
[Black "Sunye, Jaime"]
[Result "1-0"]
[WhiteElo "2601"]
[BlackElo "2503"]
[PlyCount "95"]
[EventDate "2006.15.11"]
[EventType "tourn"]
[EventRounds "11"]
[EventCountry "BRA"]
[EventCategory "10"]
[Source "lmi"]
[SourceDate "2006.11.11"]

1. d4 Nf6 2. c4 e6 3. Nf3 b6 4. g3 Bb7 5. Bg2 Be7 6. Nc3 Ne4 7. Bd2 f5 8. d5
Bf6 9. Qc2 Nxd2 10. Qxd2 O-O 11. Rd1 Qe8 12. O-O Na6 13. Nd4 Bxd4 14. Qxd4 d6
15. Qd2 Qg6 16. Nb5 e5 17. f4 e4 18. b4 h5 19. Rb1 Rf6 20. Rb3 Qe8 21. Nd4 Nb8
22. Ne6 Qe7 23. Rc1 c6 24. e3 c5 25. bxc5 dxc5 26. a4 Na6 27. a5 Nb4 28. Ra1
Rxe6 29. dxe6 Rd8 30. Qe2 g6 31. axb6 axb6 32. Rd1 Rd3 33. Rbxd3 exd3 34. Qb2
Bxg2 35. Kxg2 Qxe6 36. Ra1 Qe4+ 37. Kh3 Qf3 38. Ra7 Qg4+ 39. Kg2 Qe2+ 40. Qxe2
dxe2 41. Kf2 Nd3+ 42. Kxe2 Nb2 43. e4 Nxc4 44. e5 Kf8 45. Rb7 Ke8 46. Kd3 Nb2+
47. Kc3 Nd1+ 48. Kb3 1-0

[Event "Prefeitura de São Paulo"]
[Site "Sao Paulo BRA"]
[Date "2006.11.12"]
[Round "3.3"]
[White "Fier, Alexandr"]
[Black "Vescovi, Giovanni"]
[Result "1/2-1/2"]
[WhiteElo "2490"]
[BlackElo "2592"]
[PlyCount "41"]
[EventDate "2006.15.11"]
[EventType "tourn"]
[EventRounds "11"]
[EventCountry "BRA"]
[EventCategory "10"]
[Source "lmi"]
[SourceDate "2006.11.11"]

1. e4 e5 2. f4 exf4 3. Bc4 Ne7 4. Nc3 Ng6 5. Nf3 Be7 6. O-O O-O 7. d4 c6 8. Bb3
a5 9. a4 d6 10. Ne2 Be6 11. c3 Qb6 12. Bc2 Bc4 13. Bd3 Bxd3 14. Qxd3 Nd7 15.
Nxf4 Nde5 16. Qc2 Rae8 17. Nxg6 Nxg6 18. Be3 d5 19. e5 f6 20. exf6 Bxf6 21. Bg5
1/2-1/2

[Event "Prefeitura de São Paulo"]
[Site "Sao Paulo BRA"]
[Date "2006.11.12"]
[Round "3.4"]
[White "Rodriguez, Andres"]
[Black "El Debs, Felipe"]
[Result "1-0"]
[WhiteElo "2496"]
[BlackElo "2370"]
[PlyCount "65"]
[EventDate "2006.15.11"]
[EventType "tourn"]
[EventRounds "11"]
[EventCountry "BRA"]
[EventCategory "10"]
[Source "lmi"]
[SourceDate "2006.11.11"]

1. f4 c5 2. Nf3 Nf6 3. d3 g6 4. e4 d6 5. h3 Bg7 6. g4 Nc6 7. Bg2 Rb8 8. O-O b5
9. Qe1 Nd7 10. Kh1 Nd4 11. Nxd4 cxd4 12. Qh4 e6 13. Qg3 O-O 14. Rf2 Bb7 15. Nd2
Rc8 16. Nf3 Kh8 17. b3 a5 18. Bb2 e5 19. Raf1 Qe7 20. Bc1 f6 21. h4 d5 22. exd5
Bxd5 23. h5 gxh5 24. Nh4 Be6 25. f5 Bf7 26. gxh5 Bxh5 27. Qh3 Kg8 28. Rg1 Kf7
29. Nf3 Bxf3 30. Bxf3 Ke8 31. Rfg2 Bh8 32. Bh6 Rf7 33. Rg8+ 1-0

[Event "Prefeitura de São Paulo"]
[Site "Sao Paulo BRA"]
[Date "2006.11.12"]
[Round "3.5"]
[White "Di Berardino, Diego"]
[Black "Lima, Darcy"]
[Result "1/2-1/2"]
[WhiteElo "2370"]
[BlackElo "2466"]
[PlyCount "61"]
[EventDate "2006.15.11"]
[EventType "tourn"]
[EventRounds "11"]
[EventCountry "BRA"]
[EventCategory "10"]
[Source "lmi"]
[SourceDate "2006.11.11"]

1. e4 e5 2. Nf3 Nc6 3. Bb5 Nf6 4. O-O Nxe4 5. d4 Nd6 6. Bxc6 dxc6 7. dxe5 Ne4
8. Qe2 Bf5 9. Rd1 Qc8 10. Ng5 Nxg5 11. Bxg5 Qe6 12. Nc3 h6 13. Bh4 Bb4 14. Nb5
Ba5 15. Nd4 Qg6 16. Nxf5 Qxf5 17. Qd3 Qxd3 18. Rxd3 g5 19. Bg3 Rd8 20. Rad1
Rxd3 21. Rxd3 Ke7 22. h4 Bb6 23. Kf1 Bc5 24. Ke2 Ke6 25. h5 Re8 26. Bh2 g4 27.
f3 Kf5 28. fxg4+ Kxg4 29. Rg3+ Kxh5 30. Rg7 f6 31. Rxc7 1/2-1/2

[Event "Prefeitura de São Paulo"]
[Site "Sao Paulo BRA"]
[Date "2006.11.12"]
[Round "3.6"]
[White "Bachmann, Axel"]
[Black "Diamant, Andre"]
[Result "0-1"]
[WhiteElo "2473"]
[BlackElo "2396"]
[PlyCount "96"]
[EventDate "2006.15.11"]
[EventType "tourn"]
[EventRounds "11"]
[EventCountry "BRA"]
[EventCategory "10"]
[Source "lmi"]
[SourceDate "2006.11.11"]

1. e4 c5 2. Nc3 Nc6 3. Nf3 e6 4. Bb5 Nge7 5. O-O a6 6. Bxc6 Nxc6 7. d4 cxd4 8.
Nxd4 Be7 9. Be3 O-O 10. Qf3 b5 11. Nxc6 dxc6 12. e5 Qc7 13. Qg3 Kh8 14. Bg5
Bxg5 15. Qxg5 Bb7 16. Rad1 c5 17. Rd3 b4 18. Ne2 Rad8 19. Rfd1 Rd5 20. Nf4 Rxe5
21. Qg3 Qc6 22. f3 c4 23. Rd7 Rf5 24. R1d6 Qc5+ 25. Kf1 g5 26. Nh5 c3 27. bxc3
Bc6 28. Rxc6 Qxc6 29. Rc7 Qd5 30. c4 Qd1+ 31. Qe1 Qxe1+ 32. Kxe1 Ra5 33. c5
Rxa2 34. Kd1 Ra3 35. c6 Rc3 36. Nf6 Rd8+ 37. Rd7 Rf8 38. Rc7 Kg7 39. Ne4 Rc4
40. Kc1 b3 41. c3 a5 42. Kb2 a4 43. Nd6 Rc5 44. Ne4 Ra5 45. Ka3 Rb8 46. Nd2 b2
47. Ka2 Rc5 48. c4 Rxc4 0-1

[Event "Prefeitura de São Paulo"]
[Site "Sao Paulo BRA"]
[Date "2006.13.11"]
[Round "4.1"]
[White "Sunye, Jaime"]
[Black "Diamant, Andre"]
[Result "1/2-1/2"]
[WhiteElo "2503"]
[BlackElo "2396"]
[PlyCount "35"]
[EventDate "2006.15.11"]
[EventType "tourn"]
[EventRounds "11"]
[EventCountry "BRA"]
[EventCategory "10"]
[Source "lmi"]
[SourceDate "2006.11.11"]

1. Nf3 c5 2. c4 Nc6 3. Nc3 e5 4. e3 Nf6 5. a3 d6 6. Be2 Be7 7. O-O O-O 8. d4 e4
9. Ne1 Bf5 10. d5 Ne5 11. b3 Re8 12. Bb2 Bf8 13. h3 h6 14. f4 exf3 15. Nxf3
Ned7 16. Bd3 Bxd3 17. Qxd3 g6 18. Rae1 1/2-1/2

[Event "Prefeitura de São Paulo"]
[Site "Sao Paulo BRA"]
[Date "2006.13.11"]
[Round "4.2"]
[White "Lima, Darcy"]
[Black "Bachmann, Axel"]
[Result "1/2-1/2"]
[WhiteElo "2466"]
[BlackElo "2473"]
[PlyCount "45"]
[EventDate "2006.15.11"]
[EventType "tourn"]
[EventRounds "11"]
[EventCountry "BRA"]
[EventCategory "10"]
[Source "lmi"]
[SourceDate "2006.11.11"]

1. d4 g6 2. c4 Nf6 3. Nc3 Bg7 4. e4 d6 5. Nf3 O-O 6. Be2 e5 7. O-O exd4 8. Nxd4
Nc6 9. Be3 Re8 10. Nxc6 bxc6 11. Bf3 Nd7 12. Qd2 Ne5 13. Be2 Be6 14. b3 c5 15.
Rae1 Nc6 16. Bd3 Nd4 17. f4 f5 18. Bf2 Qd7 19. Ne2 Nc6 20. Ng3 Nd4 21. Ne2 Nc6
22. Ng3 Nd4 23. Ne2 1/2-1/2

[Event "Prefeitura de São Paulo"]
[Site "Sao Paulo BRA"]
[Date "2006.13.11"]
[Round "4.3"]
[White "El Debs, Felipe"]
[Black "Di Berardino, Diego"]
[Result "1/2-1/2"]
[WhiteElo "2370"]
[BlackElo "2370"]
[PlyCount "32"]
[EventDate "2006.15.11"]
[EventType "tourn"]
[EventRounds "11"]
[EventCountry "BRA"]
[EventCategory "10"]
[Source "lmi"]
[SourceDate "2006.11.11"]

1. d4 Nf6 2. c4 g6 3. Nc3 Bg7 4. e4 d6 5. Nf3 O-O 6. Be2 e5 7. Be3 Ng4 8. Bg5
f6 9. Bc1 exd4 10. Nxd4 f5 11. O-O Nc6 12. Nxc6 bxc6 13. exf5 gxf5 14. Bf4 Ne5
15. Qd2 Rb8 16. Be3 c5 1/2-1/2

[Event "Prefeitura de São Paulo"]
[Site "Sao Paulo BRA"]
[Date "2006.13.11"]
[Round "4.4"]
[White "Vescovi, Giovanni"]
[Black "Rodriguez, Andres"]
[Result "1-0"]
[WhiteElo "2592"]
[BlackElo "2496"]
[PlyCount "55"]
[EventDate "2006.15.11"]
[EventType "tourn"]
[EventRounds "11"]
[EventCountry "BRA"]
[EventCategory "10"]
[Source "lmi"]
[SourceDate "2006.11.11"]

1. d4 e6 2. c4 Bb4+ 3. Bd2 Qe7 4. e4 d5 5. e5 Nc6 6. Nf3 Nh6 7. Nc3 Nf5 8. a3
Bxc3 9. bxc3 O-O 10. Bd3 dxc4 11. Bxc4 b6 12. Bd3 Bb7 13. d5 Nxe5 14. Nxe5 exd5
15. f4 f6 16. Bxf5 fxe5 17. Qg4 exf4+ 18. Be6+ Kh8 19. O-O Rf6 20. Rae1 Rg6 21.
Qxg6 hxg6 22. Rf3 Qh4 23. Rh3 Qxh3 24. Bxh3 Rf8 25. Re7 f3 26. Be3 Bc8 27. Rxc7
Bxh3 28. gxh3 1-0

[Event "Prefeitura de São Paulo"]
[Site "Sao Paulo BRA"]
[Date "2006.13.11"]
[Round "4.5"]
[White "Felgaer, Ruben"]
[Black "Fier, Alexandr"]
[Result "1/2-1/2"]
[WhiteElo "2591"]
[BlackElo "2490"]
[PlyCount "65"]
[EventDate "2006.15.11"]
[EventType "tourn"]
[EventRounds "11"]
[EventCountry "BRA"]
[EventCategory "10"]
[Source "lmi"]
[SourceDate "2006.11.11"]

1. e4 c5 2. Nf3 d6 3. d4 cxd4 4. Nxd4 Nf6 5. Nc3 Nc6 6. Bg5 e6 7. Qd2 a6 8.
O-O-O Bd7 9. f4 h6 10. Bxf6 Qxf6 11. Nf3 Qd8 12. h4 Be7 13. g4 Qc7 14. Kb1
O-O-O 15. Bh3 Kb8 16. g5 hxg5 17. hxg5 g6 18. Bg2 Bc8 19. Qe3 Rxh1 20. Rxh1 d5
21. exd5 exd5 22. Nd4 Nxd4 23. Qxd4 Bc5 24. Qf6 Be6 25. Rh8 Rxh8 26. Qxh8+ Ka7
27. Nxd5 Bxd5 28. Bxd5 Qxf4 29. a3 Qxg5 30. Bxf7 Qf5 31. Qh7 Bd4 32. Qxg6 Qxg6
33. Bxg6 1/2-1/2

[Event "Prefeitura de São Paulo"]
[Site "Sao Paulo BRA"]
[Date "2006.13.11"]
[Round "4.6"]
[White "Leitao, Rafael"]
[Black "Milos, Gilberto"]
[Result "1/2-1/2"]
[WhiteElo "2601"]
[BlackElo "2563"]
[PlyCount "35"]
[EventDate "2006.15.11"]
[EventType "tourn"]
[EventRounds "11"]
[EventCountry "BRA"]
[EventCategory "10"]
[Source "lmi"]
[SourceDate "2006.11.11"]

1. d4 Nf6 2. c4 e6 3. Nf3 b6 4. g3 Bb7 5. Bg2 Be7 6. Nc3 Ne4 7. Bd2 Bf6 8. O-O
O-O 9. Rc1 c5 10. d5 exd5 11. cxd5 Nxd2 12. Nxd2 d6 13. Nde4 Be5 14. f4 Bd4+
15. Kh1 Ba6 16. Rf3 Re8 17. a4 Qe7 18. e3 1/2-1/2

[Event "Prefeitura de São Paulo"]
[Site "Sao Paulo BRA"]
[Date "2006.14.11"]
[Round "5.1"]
[White "Milos, Gilberto"]
[Black "Sunye, Jaime"]
[Result "1/2-1/2"]
[WhiteElo "2563"]
[BlackElo "2503"]
[PlyCount "47"]
[EventDate "2006.15.11"]
[EventType "tourn"]
[EventRounds "11"]
[EventCountry "BRA"]
[EventCategory "10"]
[Source "lmi"]
[SourceDate "2006.11.11"]

1. d4 Nf6 2. c4 e6 3. Nf3 Bb4+ 4. Nbd2 d5 5. e3 O-O 6. a3 Be7 7. Bd3 b6 8. O-O
c5 9. b3 Bb7 10. Bb2 Nbd7 11. Qe2 Ne4 12. Rfd1 a6 13. cxd5 exd5 14. dxc5 Nxd2
15. Rxd2 bxc5 16. b4 cxb4 17. axb4 Bxb4 18. Rdd1 a5 19. Nd4 Re8 20. Nf5 f6 21.
Bb5 Re4 22. Bd3 Re8 23. Bb5 Re5 24. Bd3 1/2-1/2

[Event "Prefeitura de São Paulo"]
[Site "Sao Paulo BRA"]
[Date "2006.14.11"]
[Round "5.3"]
[White "Rodriguez, Andres"]
[Black "Felgaer, Ruben"]
[Result "1/2-1/2"]
[WhiteElo "2496"]
[BlackElo "2591"]
[PlyCount "52"]
[EventDate "2006.15.11"]
[EventType "tourn"]
[EventRounds "11"]
[EventCountry "BRA"]
[EventCategory "10"]
[Source "lmi"]
[SourceDate "2006.11.11"]

1. d4 d5 2. Bg5 h6 3. Bh4 c6 4. c3 Bf5 5. Qb3 Qb6 6. Nd2 Nd7 7. Ngf3 e6 8. e3
Ngf6 9. Be2 Ne4 10. Nxe4 Bxe4 11. O-O a5 12. Nd2 Bg6 13. a4 Bd6 14. Qxb6 Nxb6
15. Bg3 Ke7 16. Rfc1 Bxg3 17. hxg3 Rhc8 18. c4 dxc4 19. Nxc4 Nxc4 20. Rxc4 Ra6
21. b4 axb4 22. Rxb4 Ra7 23. Rc1 Kf6 24. f3 Rca8 25. Bd1 Ke7 26. e4 Rd8 1/2-1/2

[Event "Prefeitura de São Paulo"]
[Site "Sao Paulo BRA"]
[Date "2006.14.11"]
[Round "5.4"]
[White "Di Berardino, Diego"]
[Black "Vescovi, Giovanni"]
[Result "1/2-1/2"]
[WhiteElo "2370"]
[BlackElo "2592"]
[PlyCount "55"]
[EventDate "2006.15.11"]
[EventType "tourn"]
[EventRounds "11"]
[EventCountry "BRA"]
[EventCategory "10"]
[Source "lmi"]
[SourceDate "2006.11.11"]

1. e4 e5 2. Nf3 Nc6 3. Bb5 a6 4. Ba4 Nf6 5. O-O Be7 6. Re1 b5 7. Bb3 O-O 8. c3
d5 9. exd5 Nxd5 10. Nxe5 Nxe5 11. Rxe5 c6 12. d4 Bd6 13. Re1 Qh4 14. g3 Qh3 15.
Be3 Bg4 16. Qd3 Rae8 17. Nd2 Qh5 18. a4 Re6 19. axb5 axb5 20. Ne4 Bf5 21. Bd2
Rxe4 22. Rxe4 Qg6 23. Rae1 Nf6 24. f3 Bxg3 25. hxg3 Qxg3+ 26. Kh1 Qh3+ 27. Kg1
Qg3+ 28. Kh1 1/2-1/2

[Event "Prefeitura de São Paulo"]
[Site "Sao Paulo BRA"]
[Date "2006.14.11"]
[Round "5.6"]
[White "Diamant, Andre"]
[Black "Lima, Darcy"]
[Result "1/2-1/2"]
[WhiteElo "2396"]
[BlackElo "2466"]
[PlyCount "43"]
[EventDate "2006.15.11"]
[EventType "tourn"]
[EventRounds "11"]
[EventCountry "BRA"]
[EventCategory "10"]
[Source "lmi"]
[SourceDate "2006.11.11"]

1. e4 c5 2. Nf3 d6 3. d4 cxd4 4. Nxd4 Nf6 5. Nc3 Nc6 6. Bg5 e6 7. Qd2 a6 8.
O-O-O Bd7 9. f3 h5 10. Bc4 Be7 11. Rhe1 b5 12. Bb3 b4 13. Nxc6 Bxc6 14. Bxf6
gxf6 15. Ba4 bxc3 16. Bxc6+ Kf8 17. Qxc3 Rc8 18. Rd4 Qb6 19. Rc4 Qf2 20. Qd2
Qb6 21. Qc3 Qf2 22. Qd2 1/2-1/2

[Event "Prefeitura de São Paulo"]
[Site "Sao Paulo BRA"]
[Date "2006.15.11"]
[Round "6.1"]
[White "Sunye, Jaime"]
[Black "Lima, Darcy"]
[Result "0-1"]
[WhiteElo "2503"]
[BlackElo "2466"]
[PlyCount "92"]
[EventDate "2006.15.11"]
[EventType "tourn"]
[EventRounds "11"]
[EventCountry "BRA"]
[EventCategory "10"]
[Source "lmi"]
[SourceDate "2006.11.11"]

1. Nf3 Nf6 2. c4 e6 3. d4 d5 4. cxd5 exd5 5. Nc3 c6 6. Bg5 Be7 7. e3 Bf5 8. Bd3
Bxd3 9. Qxd3 Nbd7 10. O-O O-O 11. Bxf6 Nxf6 12. Rab1 a5 13. a3 Bd6 14. Rfe1 Re8
15. Nd2 Re6 16. g3 Qe7 17. e4 c5 18. dxc5 Bxc5 19. Re2 Rd8 20. exd5 Rxe2 21.
Qxe2 Qxe2 22. Nxe2 Rxd5 23. Nb3 Bb6 24. Nc3 Rf5 25. Rf1 Ng4 26. Nd1 Rd5 27. h3
Rd3 28. hxg4 Rxg3+ 29. Kh2 Rxb3 30. Re1 Kf8 31. Re2 Bd4 32. Rd2 Be5+ 33. Kg2 b5
34. Rd5 Bxb2 35. Nxb2 Rxb2 36. a4 bxa4 37. Rxa5 Rb4 38. Kg3 h6 39. f3 g5 40.
Ra6 Kg7 41. Ra5 Rf4 42. Ra6 f6 43. Ra8 Kg6 44. Rg8+ Kf7 45. Rh8 Ke6 46. Rxh6 a3
0-1